[Event "Rheinhessen-ch U14"]
[Site "Heidesheim"]
[Date "2014.01.04"]
[Round "2"]
[White "Thielen, Jonas"]
[Black "Scholze, Benjamin"]
[Result "0-1"]
[WhiteElo "812"]
[BlackElo "844"]
[PlyCount "60"]
[EventDate "2014.01.04"]
[EventType "swiss"]
[EventRounds "7"]
[EventCountry "GER"]
[SourceTitle "EXT 2015"]
[Source "ChessBase"]
[SourceDate "2014.11.20"]
[SourceVersion "1"]
[SourceVersionDate "2014.11.20"]
[SourceQuality "1"]

1. e4 e5 2. Nf3 Nc6 3. Bc4 Nf6 4. Ng5 Qe7 5. 0-0 d6 6. Nxf7 Rg8 7. Ng5 Rh8 8. Bf7+ Kd8 9. Bh5 Nxh5 10. Qxh5 g6 11. Qh4 Nd4 12. Nc3 Nxc2 13. Rb1 Nd4 14. f4 exf4 15. Rxf4 Ne6 16. Nf7+ Ke8 17. Nxh8 Nxf4 18. Qxf4 Bg7 19. Nd5 Qd7 20. b3 Bxh8 21. Bb2 Bxb2 22. Rxb2 Kd8 23. Nf6 Qf7 24. Qg5 Qe7 25. Qf4 b6 26. Rc2 Bb7 27. Nd5 Bxd5 28. h3 Qxe4 29. Qf8+ Kd7 30. Rc1 Qxg2# 0-1